| 000 | 01274cam a22003737a 4500 | ||
|---|---|---|---|
| 001 | 002462 | ||
| 003 | armpunfd | ||
| 005 | 20140612090708.0 | ||
| 008 | 120416e0####xx#a##########000#0#und#d | ||
| 040 |
_aarmpunfd _carmpunfd |
||
| 080 | _a347.732 R 568 | ||
| 100 | 1 | 0 | _a Robiolo, Jorge Alberto |
| 245 | 1 | 0 | _aIntermediacion comercial y granaria : corretaje y arbitraje en el comercio de granos |
| 260 |
_a Osario: Santa Fe _b Nova Tesis |
||
| 300 | _a2009. isbn: 978-987-635-023-5. 351 i. | ||
| 650 | 7 |
_a Agentes De Bolsa _2LEMB |
|
| 650 | 7 |
_a Arbitraje En Comercio De Granos _2LEMB |
|
| 650 | 7 |
_a Camaras Arbitrales De Cereales _2LEMB |
|
| 650 | 7 |
_a Comercio De Granos _2LEMB |
|
| 650 | 7 |
_a Coredores De Cereales _2LEMB |
|
| 650 | 7 |
_a Corredores Inmobiliarios _2LEMB |
|
| 650 | 7 |
_a Corredores _2LEMB |
|
| 650 | 7 |
_a Derecho Comercial _2LEMB |
|
| 650 | 7 |
_a Intermediacion Comercial _2LEMB |
|
| 650 | 7 |
_a Intermediacion Granaria _2LEMB |
|
| 650 | 7 |
_a Legislacion Arbitral _2LEMB |
|
| 650 | 7 |
_a Ley 25028 _2LEMB |
|
| 650 | 7 |
_a Martilleros _2LEMB |
|
| 650 | 7 |
_a Modelos De Actuacion _2LEMB |
|
| 650 | 7 |
_a Transferencia De Fondos De Comercio _2LEMB |
|
| 650 | 7 |
_a Warrants _2LEMB |
|
| 942 |
_cLB _2cdu |
||
| 945 |
_aCatalis _d2010-08-19 |
||
| 999 |
_c2452 _d232956 |
||